[Event "Tokyo op"]
[Site "Tokyo"]
[Date "2022.07.18"]
[Round "7"]
[White "Noguchi, Koji"]
[Black "Nakamura, Naohiro"]
[Result "1-0"]
[WhiteElo "1975"]
[BlackElo "2075"]
[PlyCount "77"]
[EventDate "2022.07.15"]
[EventType "swiss"]
[EventRounds "7"]
[EventCountry "JPN"]
[SourceTitle "EXT 2023"]
[Source "ChessBase"]
[SourceDate "2022.10.05"]
[SourceVersion "1"]
[SourceVersionDate "2022.10.05"]
[SourceQuality "1"]

1. c4 c5 2. g3 g6 3. Bg2 Bg7 4. Nc3 Nc6 5. a3 a5 6. Nf3 e5 7. d4 cxd4 8. Nb5 d6 9. e3 Bg4 10. h3 Bxf3 11. Qxf3 Nge7 12. 0-0 0-0 13. exd4 Nf5 14. h4 Nfxd4 15. Nxd4 Nxd4 16. Qxb7 Ne2+ 17. Kh2 Rb8 18. Bg5 Bf6 19. Qf3 Bxg5 20. Qxe2 Bf6 21. Be4 Bg7 22. h5 Bh6 23. Kg2 Kg7 24. Bd5 f5 25. b4 f4 26. hxg6 hxg6 27. Qg4 Rf5 28. Be4 Rf6 29. Rh1 fxg3 30. fxg3 Qb6 31. Raf1 Rbf8 32. Rxf6 Rxf6 33. Rf1 Qd8 34. bxa5 Be3 35. Rf3 Bc5 36. Qg5 Qf8 37. a6 Rxf3 38. Qxg6+ Kh8 39. Qh7# 1-0

[Event "Tokyo op"]
[Site "Tokyo"]
[Date "2022.07.16"]
[Round "3"]
[White "Noguchi, Koji"]
[Black "Kojima, Shinya"]
[Result "0-1"]
[WhiteElo "1975"]
[BlackElo "2346"]
[PlyCount "94"]
[EventDate "2022.07.15"]
[EventType "swiss"]
[EventRounds "7"]
[EventCountry "JPN"]
[SourceTitle "EXT 2023"]
[Source "ChessBase"]
[SourceDate "2022.10.05"]
[SourceVersion "1"]
[SourceVersionDate "2022.10.05"]
[SourceQuality "1"]

1. c4 c6 2. g3 d5 3. Nf3 Nf6 4. Bg2 dxc4 5. 0-0 Nbd7 6. Qc2 Nb6 7. a4 a5 8. Na3 g6 9. Nxc4 Nxc4 10. Qxc4 Bg7 11. d3 0-0 12. e4 b6 13. Qc2 c5 14. Rd1 Ba6 15. Ne5 Rc8 16. Bh3 e6 17. Nc4 Nd7 18. Bf4 Bxc4 19. dxc4 Bd4 20. Rd3 Qf6 21. Rb3 Rc6 22. Rd1 Rd8 23. Bg2 e5 24. Bc1 Rd6 25. Rf3 Qe6 26. h4 Nb8 27. Re1 Nc6 28. Bg5 f6 29. Rxf6 Qxf6 30. Bxf6 Rxf6 31. Rf1 Rdf8 32. Kh2 Bxf2 33. Kh3 h5 34. Qd1 Nd4 35. Qd2 Kg7 36. Qg5 Nc6 37. Qd2 Rd8 38. Qg5 Rd3 39. Kh2 Bxg3+ 40. Qxg3 Rxg3 41. Kxg3 Rxf1 42. Bxf1 Nd4 43. Kf2 g5 44. Kg3 Kh6 45. Bd3 Ne6 46. Be2 Nf4 47. Bf1 Ng6 0-1

[Event "JPN-ch"]
[Site "Tokyo"]
[Date "2020.10.31"]
[Round "1"]
[White "Noguchi, Koji"]
[Black "Kojima, Shinya"]
[Result "0-1"]
[WhiteElo "1997"]
[BlackElo "2386"]
[PlyCount "82"]
[EventDate "2020.10.31"]
[EventType "swiss"]
[EventRounds "7"]
[EventCountry "JPN"]
[SourceTitle "CBM 199 Extra"]
[Source "ChessBase"]
[SourceDate "2021.01.31"]
[SourceVersion "1"]
[SourceVersionDate "2021.01.31"]
[SourceQuality "1"]

1. Nf3 d5 2. c4 e6 3. g3 Nf6 4. Bg2 Be7 5. 0-0 0-0 6. b3 a5 7. Bb2 a4 8. d3 a3 9. Bc3 Nc6 10. Ne5 Nxe5 11. Bxe5 b6 12. cxd5 Nxd5 13. Nc3 Bb7 14. Nxd5 exd5 15. Rc1 c5 16. e3 Qd7 17. Qh5 Rfe8 18. Rfd1 Bf8 19. Ba1 b5 20. d4 c4 21. bxc4 bxc4 22. Bc3 Rab8 23. Rb1 Bc6 24. Rdc1 Rb7 25. Bh3 Qe7 26. Qd1 Reb8 27. Bf5 Qf6 28. Bc2 Bb4 29. Bxb4 Rxb4 30. Rxb4 Rxb4 31. Qg4 Qd8 32. Rb1 Rxb1+ 33. Bxb1 Ba4 34. Qh3 g6 35. Qf1 Qb6 36. e4 Qxd4 37. exd5 Qxd5 38. f3 Qd1 39. Be4 c3 40. Kf2 Qxf1+ 41. Kxf1 c2 0-1

[Event "JPN-ch 52nd"]
[Site "Tokyo"]
[Date "2019.04.29"]
[Round "2"]
[White "Noguchi, Koji"]
[Black "Otawa, Yuto"]
[Result "1/2-1/2"]
[WhiteElo "1975"]
[BlackElo "2161"]
[PlyCount "162"]
[EventDate "2019.04.29"]
[EventType "swiss"]
[EventRounds "10"]
[EventCountry "JPN"]
[SourceTitle "CBM 190 Extra"]
[Source "ChessBase"]
[SourceDate "2019.07.15"]
[SourceVersion "1"]
[SourceVersionDate "2019.07.15"]
[SourceQuality "1"]

1. c4 e5 2. g3 Nf6 3. Bg2 d5 4. cxd5 Nxd5 5. Nf3 Nc6 6. 0-0 Be7 7. d4 exd4 8. Nxd4 Ndb4 9. Nxc6 Qxd1 10. Rxd1 Nxc6 11. Bf4 Bd8 12. Nc3 Be6 13. Nb5 0-0 14. Bxc7 Bc4 15. Bxd8 Bxb5 16. Bg5 Bxe2 17. Rd7 Ne5 18. Rxb7 Nf3+ 19. Bxf3 Bxf3 20. Rb3 Bd5 21. Rd3 Be6 22. b4 a5 23. bxa5 Rxa5 24. Be7 Re8 25. a3 Rd5 26. Rad1 Rxd3 27. Rxd3 f6 28. Bb4 Kf7 29. f3 Rc8 30. Rd2 Rc4 31. Kf2 Bf5 32. g4 Be6 33. Ke3 f5 34. h3 Rc1 35. Kf4 Kf6 36. g5+ Kf7 37. Rd8 Rc7 38. Rd6 Rc2 39. Ra6 Rc7 40. Ke5 Rb7 41. Bc5 Bc4 42. Rc6 Rb3 43. f4 Rxh3 44. Kxf5 Rd3 45. Rc7+ Ke8 46. Bb4 g6+ 47. Kf6 Rd4 48. Ke5 Rd5+ 49. Ke4 Ba2 50. Re7+ Kd8 51. Rxh7 Rd7 52. Rh2 Bb1+ 53. Ke5 Rf7 54. Rd2+ Kc7 55. Bd6+ Kd7 56. Bb8+ Kc8 57. Ke6 Rb7 58. Be5 Bf5+ 59. Kf6 Rb6+ 60. Kg7 Rb7+ 61. Kf8 Rd7 62. Rb2 Rb7 63. Re2 Rb3 64. a4 Ra3 65. Bf6 Rxa4 66. Be5 Ra3 67. Rb2 Kd7 68. Kf7 Kc6 69. Kf6 Kd5 70. Rb5+ Ke4 71. Rb4+ Kf3 72. Rb6 Kg4 73. Kg7 Kh5 74. Rb8 Kg4 75. Rf8 Ra7+ 76. Kh6 Ra3 77. Rf6 Rh3+ 78. Kg7 Ra3 79. Rxg6 Bxg6 80. Kxg6 Ra6+ 81. Kf7 Kf5 1/2-1/2

[Event "Hong Kong Jolimark op"]
[Site "Hong Kong"]
[Date "2018.12.23"]
[Round "3"]
[White "Noguchi, Koji"]
[Black "Kwong, Wing Ki"]
[Result "0-1"]
[WhiteElo "2038"]
[BlackElo "1646"]
[PlyCount "101"]
[EventDate "2018.12.22"]
[EventType "swiss"]
[EventRounds "9"]
[EventCountry "HKG"]
[SourceTitle "CBM 188 Extra"]
[Source "ChessBase"]
[SourceDate "2019.02.26"]
[SourceVersion "1"]
[SourceVersionDate "2019.02.26"]
[SourceQuality "1"]

1. c4 Nf6 2. g3 e5 3. Bg2 d5 4. cxd5 Nxd5 5. Nc3 Nb6 6. Nf3 Nc6 7. 0-0 Be6 8. a4 a5 9. Nb5 Be7 10. d4 e4 11. Ne5 f6 12. Nxc6 bxc6 13. Nc3 f5 14. f3 exf3 15. Bxf3 Qd7 16. Bf4 0-0 17. Rc1 Rad8 18. e3 g5 19. Be5 Nc4 20. Qe2 Nxe5 21. dxe5 Bb3 22. Rfe1 Qe6 23. Qa6 Qxe5 24. Qxc6 g4 25. Bd1 Bf7 26. Qb5 Bc5 27. Kh1 Rd2 28. Bb3 Bxb3 29. Qxb3+ Kh8 30. Rcd1 Rxd1 31. Qxd1 Re8 32. Qd3 c6 33. Qd7 Re6 34. Qd8+ Kg7 35. Qxa5 Qd6 36. Qa6 Bxe3 37. Qe2 Re5 38. Rd1 Qe7 39. Qg2 Re6 40. Rf1 Kg6 41. Qc2 Re5 42. Nd1 Bc5 43. b4 Bxb4 44. Qxc6+ Kg7 45. Qg2 h5 46. Nf2 Re2 47. Qd5 Kg6 48. Nd3 Rd2 49. Qxf5+ Kg7 50. Nxb4 Qb7+ 51. Kg1 0-1

[Event "Tokyo op"]
[Site "Tokyo"]
[Date "2018.10.07"]
[Round "4"]
[White "Noguchi, Koji"]
[Black "Ogasa, Seiichi"]
[Result "1-0"]
[WhiteElo "2218"]
[BlackElo "1745"]
[PlyCount "139"]
[EventDate "2018.10.06"]
[EventType "swiss"]
[EventRounds "6"]
[EventCountry "JPN"]
[SourceTitle "CBM 187 Extra"]
[Source "ChessBase"]
[SourceDate "2018.11.04"]
[SourceVersion "1"]
[SourceVersionDate "2018.11.04"]
[SourceQuality "1"]

1. c4 Nf6 2. Nc3 g6 3. g3 Bg7 4. Bg2 0-0 5. e4 d6 6. Nge2 e5 7. d3 c6 8. 0-0 Nbd7 9. h3 Ne8 10. Be3 f5 11. exf5 gxf5 12. Qd2 Ndf6 13. d4 Qe7 14. Rad1 e4 15. Nf4 Qf7 16. b3 Nh5 17. Qe2 Nef6 18. d5 Nxf4 19. Bxf4 Ne8 20. Qd2 Qf6 21. Ne2 c5 22. Bg5 Qb2 23. Qxb2 Bxb2 24. Nf4 Kf7 25. f3 Rg8 26. Bh4 e3 27. Rfe1 Bd4 28. Kh2 Bd7 29. Ne2 Bh8 30. f4 b5 31. Ng1 Bd4 32. Nf3 bxc4 33. Nxd4 cxd4 34. bxc4 Nf6 35. Rxd4 Rge8 36. Rd3 Rac8 37. Rdxe3 Rxe3 38. Rxe3 Rxc4 39. Ra3 Rc7 40. Ra6 Ne4 41. Bxe4 fxe4 42. g4 Bb5 43. Rxd6 Rc2+ 44. Kg1 e3 45. Rf6+ Kg7 46. Re6 e2 47. a3 a6 48. d6 Rc1+ 49. Kh2 Rd1 50. f5 Rd2 51. Be1 Rd1 52. Bc3+ Kg8 53. Bb4 Rd3 54. Rxe2 Rxd6 55. Re8+ Bxe8 56. Bxd6 Bd7 57. Kg3 Kf7 58. Kf4 h6 59. Ke5 Ba4 60. Bb4 Bb5 61. Bd2 Bf1 62. h4 Be2 63. Kf4 Kf6 64. Kg3 h5 65. Bc3+ Kf7 66. g5 Bd3 67. Kf4 Bc2 68. g6+ Kg8 69. Kg5 Bd3 70. f6 1-0

[Event "Tokyo op"]
[Site "Tokyo"]
[Date "2018.10.07"]
[Round "3"]
[White "Osaka, Takuma"]
[Black "Noguchi, Koji"]
[Result "1-0"]
[WhiteElo "2038"]
[BlackElo "2218"]
[PlyCount "83"]
[EventDate "2018.10.06"]
[EventType "swiss"]
[EventRounds "6"]
[EventCountry "JPN"]
[SourceTitle "CBM 187 Extra"]
[Source "ChessBase"]
[SourceDate "2018.11.04"]
[SourceVersion "1"]
[SourceVersionDate "2018.11.04"]
[SourceQuality "1"]

1. d4 g6 2. e4 Bg7 3. c4 c5 4. d5 d6 5. Bd3 e6 6. Nc3 exd5 7. cxd5 a6 8. a4 Nf6 9. h3 Nbd7 10. Nf3 Nh5 11. Bg5 Bf6 12. Be3 Ne5 13. Be2 Nxf3+ 14. Bxf3 Ng7 15. Qd2 0-0 16. 0-0 Bd7 17. Bf4 Qe7 18. e5 Bxe5 19. Bxe5 dxe5 20. d6 Qh4 21. Rfe1 Qd4 22. Rad1 Ne6 23. Qe2 Qh4 24. g3 Qxh3 25. Qxe5 f6 26. Qe3 Rae8 27. Bg2 Qh5 28. Bf3 Qh3 29. Bg2 Qh5 30. Bf3 Qf5 31. Be4 Qg4 32. Bf3 Qb4 33. Nd5 Qxb2 34. Qh6 Ng5 35. Ne7+ Rxe7 36. Rxe7 Nh3+ 37. Kh2 Qxf2+ 38. Bg2 Rf7 39. Rxf7 Kxf7 40. Qxh7+ Kf8 41. Qe7+ Kg8 42. Qd8+ 1-0

[Event "Tokyo op"]
[Site "Tokyo"]
[Date "2018.10.06"]
[Round "2"]
[White "Noguchi, Koji"]
[Black "Hamane, Kenichi"]
[Result "1-0"]
[WhiteElo "2218"]
[BlackElo "1773"]
[PlyCount "65"]
[EventDate "2018.10.06"]
[EventType "swiss"]
[EventRounds "6"]
[EventCountry "JPN"]
[SourceTitle "CBM 187 Extra"]
[Source "ChessBase"]
[SourceDate "2018.11.04"]
[SourceVersion "1"]
[SourceVersionDate "2018.11.04"]
[SourceQuality "1"]

1. g3 d5 2. Nf3 e6 3. Bg2 f5 4. 0-0 Nf6 5. c4 c6 6. d3 Bd6 7. Nc3 0-0 8. e4 Nbd7 9. cxd5 exd5 10. exf5 Ne5 11. Nd4 Re8 12. Kh1 Bc5 13. Ne6 Bxe6 14. fxe6 Rxe6 15. d4 Bd6 16. dxe5 Bxe5 17. Re1 Qd6 18. Be3 h5 19. Bd4 Ng4 20. Kg1 Rf8 21. f4 Bxf4 22. Rxe6 Qxe6 23. gxf4 Rxf4 24. Qe2 Qd7 25. Be5 Rf7 26. Bh3 Re7 27. Bxg4 hxg4 28. Re1 Qf5 29. Qe3 Re6 30. Qxa7 Re7 31. Bg3 Rf7 32. Qf2 Qd7 33. Qe2 1-0

[Event "JPN-ch"]
[Site "Tokyo"]
[Date "2018.05.05"]
[Round "11"]
[White "Hiebert, Kenji"]
[Black "Noguchi, Koji"]
[Result "1/2-1/2"]
[WhiteElo "2179"]
[BlackElo "2026"]
[PlyCount "62"]
[EventDate "2018.04.29"]
[EventType "swiss"]
[EventRounds "11"]
[EventCountry "JPN"]
[SourceTitle "CBM 184 Extra"]
[Source "ChessBase"]
[SourceDate "2018.06.28"]
[SourceVersion "1"]
[SourceVersionDate "2018.06.28"]
[SourceQuality "1"]

1. e4 c5 2. Nf3 g6 3. d4 cxd4 4. Qxd4 Nf6 5. Nc3 Nc6 6. Qa4 d6 7. e5 dxe5 8. Nxe5 Qd4 9. Nxc6 Qxa4 10. Nxa4 bxc6 11. Be3 e5 12. Bc5 Be6 13. Ba6 Bd5 14. f3 Bxc5 15. Nxc5 Nd7 16. Nxd7 Kxd7 17. 0-0-0 Kc7 18. Rhe1 f6 19. Re3 Rhd8 20. Rc3 g5 21. Bd3 h5 22. Bg6 h4 23. Bf5 Bf7 24. Rcd3 Rxd3 25. Rxd3 Rd8 26. Rxd8 Kxd8 27. Kd2 Bc4 28. Ke3 Ke7 29. b3 Bf7 30. c4 Kd6 31. Kd3 c5 1/2-1/2

[Event "JPN-ch"]
[Site "Tokyo"]
[Date "2018.04.30"]
[Round "3"]
[White "Nakahara, Kan"]
[Black "Noguchi, Koji"]
[Result "0-1"]
[WhiteElo "1720"]
[BlackElo "2026"]
[PlyCount "92"]
[EventDate "2018.04.29"]
[EventType "swiss"]
[EventRounds "11"]
[EventCountry "JPN"]
[SourceTitle "CBM 184 Extra"]
[Source "ChessBase"]
[SourceDate "2018.06.28"]
[SourceVersion "1"]
[SourceVersionDate "2018.06.28"]
[SourceQuality "1"]

1. e4 g6 2. d4 Bg7 3. Nf3 d6 4. Bd3 Nf6 5. c3 0-0 6. 0-0 Nbd7 7. Nbd2 e5 8. b3 Nh5 9. Bb2 Nf4 10. Bc2 Re8 11. Re1 b6 12. Nf1 Bb7 13. d5 Rf8 14. Ng3 Qe7 15. Nd2 Rae8 16. Nc4 h5 17. Ne3 Nf6 18. Ngf1 Bc8 19. a4 Ng4 20. Nxg4 Bxg4 21. f3 Bd7 22. Bc1 h4 23. a5 b5 24. a6 Qg5 25. g3 Bh3 26. Kf2 f5 27. Ne3 hxg3+ 28. hxg3 fxe4 29. Bxe4 Bf5 30. Bxf5 gxf5 31. gxf4 exf4 32. Ng2 Qg3+ 33. Kg1 Rxe1+ 34. Qxe1 Qxe1+ 35. Nxe1 Bxc3 36. Nc2 Bxa1 37. Nxa1 Re8 38. Kf2 Re5 39. Bxf4 Rxd5 40. Ke2 Rc5 41. Be3 Rc6 42. Bxa7 Rxa6 43. Bd4 c5 44. Bf6 Kf7 45. Bh8 Ra8 46. Bc3 b4 0-1

[Event "JPN-ch"]
[Site "Tokyo"]
[Date "2018.04.29"]
[Round "1"]
[White "Noguchi, Koji"]
[Black "Kojima, Natsumi"]
[Result "1-0"]
[WhiteElo "2026"]
[BlackElo "1635"]
[PlyCount "59"]
[EventDate "2018.04.29"]
[EventType "swiss"]
[EventRounds "11"]
[EventCountry "JPN"]
[SourceTitle "CBM 184 Extra"]
[Source "ChessBase"]
[SourceDate "2018.06.28"]
[SourceVersion "1"]
[SourceVersionDate "2018.06.28"]
[SourceQuality "1"]

1. g3 Nf6 2. Bg2 g6 3. b3 Bg7 4. Bb2 0-0 5. e4 d6 6. d4 c6 7. Ne2 Na6 8. 0-0 Nc7 9. c4 Nh5 10. Nbc3 e5 11. Qd2 f5 12. exf5 gxf5 13. Bf3 Qe8 14. dxe5 dxe5 15. Ba3 Rf6 16. Qg5 Nf4 17. Nxf4 exf4 18. Qxf4 Ne6 19. Qd2 f4 20. Ne4 Rh6 21. Rad1 Bd4 22. Rfe1 Qg6 23. Qa5 fxg3 24. Rxd4 gxf2+ 25. Kxf2 Rxh2+ 26. Kf1 Bd7 27. Rxd7 Qh6 28. Qf5 Rh1+ 29. Bxh1 Qxh1+ 30. Kf2 1-0

[Event "Johor op 4th"]
[Site "Johor"]
[Date "2017.12.13"]
[Round "4"]
[White "Vo, Thanh Ninh"]
[Black "Noguchi, Koji"]
[Result "1-0"]
[WhiteElo "2399"]
[BlackElo "2090"]
[PlyCount "85"]
[EventDate "2017.12.11"]
[EventType "swiss"]
[EventRounds "9"]
[EventCountry "MAS"]
[SourceTitle "CBM 182 Extra"]
[Source "ChessBase"]
[SourceDate "2018.02.23"]
[SourceVersion "1"]
[SourceVersionDate "2018.02.23"]
[SourceQuality "1"]

1. g3 g6 2. Bg2 Bg7 3. e4 c5 4. d3 Nc6 5. Nf3 Nf6 6. 0-0 0-0 7. Re1 d6 8. Nbd2 e5 9. a4 h6 10. Nc4 Be6 11. b3 Rc8 12. Bb2 Qd7 13. c3 Bg4 14. Qc2 Nh7 15. Ne3 Be6 16. Nd5 Ne7 17. Nd2 Nxd5 18. exd5 Bf5 19. Ne4 g5 20. Qe2 Bg6 21. d4 cxd4 22. cxd4 f5 23. Nxd6 Qxd6 24. Ba3 Qb6 25. Bxf8 Rxf8 26. dxe5 f4 27. Qb5 fxg3 28. Qxb6 gxh2+ 29. Kh1 axb6 30. Rac1 Re8 31. d6 Nf8 32. Bd5+ Bf7 33. Bxf7+ Kxf7 34. Rc7+ Kg6 35. d7 Rd8 36. e6 Nxe6 37. Rxe6+ Kf7 38. Re4 Bf8 39. Rxb7 Bc5 40. Re2 Bd6 41. Rxb6 Rxd7 42. Rd2 Ke7 43. a5 1-0

[Event "Hong Kong Jolimark op"]
[Site "Hong Kong"]
[Date "2016.12.29"]
[Round "7"]
[White "Li, Bo"]
[Black "Noguchi, Koji"]
[Result "1/2-1/2"]
[WhiteElo "2364"]
[BlackElo "2068"]
[PlyCount "124"]
[EventDate "2016.12.26"]
[EventType "swiss"]
[EventRounds "9"]
[EventCountry "HKG"]
[SourceTitle "CBM 176 Extra"]
[Source "ChessBase"]
[SourceDate "2017.03.02"]
[SourceVersion "1"]
[SourceVersionDate "2017.03.02"]
[SourceQuality "1"]

1. d4 Nf6 2. c4 g6 3. Nc3 Bg7 4. e4 d6 5. f3 0-0 6. Be3 c5 7. dxc5 dxc5 8. Qxd8 Rxd8 9. Bxc5 Nc6 10. Rd1 Rxd1+ 11. Nxd1 Nd7 12. Ba3 a5 13. Ne3 Nb4 14. Nd5 e6 15. Ne7+ Kh8 16. Nh3 Nc2+ 17. Kf2 Bd4+ 18. Kg3 Nxa3 19. bxa3 Bc5 20. Nxc8 Rxc8 21. Be2 Bxa3 22. Rb1 Rc7 23. f4 f6 24. Nf2 Kg7 25. Rb5 b6 26. Kf3 Bd6 27. g3 Kf7 28. h4 Bc5 29. Nd3 Be7 30. Nb2 Rc6 31. Na4 Bb4 32. g4 h6 33. g5 hxg5 34. hxg5 fxg5 35. Rxg5 Nc5 36. Nxc5 Rxc5 37. e5 Rc8 38. Bd3 Rg8 39. Rg2 Bc5 40. Be4 Rg7 41. Rd2 Kf8 42. Kg4 g5 43. f5 exf5+ 44. Bxf5 Ke8 45. Rh2 Bd4 46. e6 Ke7 47. Rh6 Rg8 48. Be4 Bc3 49. Bd5 Bd4 50. a4 Bc3 51. Rh7+ Rg7 52. Rh8 Bd4 53. Rb8 Kf6 54. Re8 Bc3 55. Rf8+ Ke7 56. Rf2 Bd4 57. Re2 Kf6 58. Bc6 Rh7 59. e7 Rxe7 60. Rxe7 Kxe7 61. Kxg5 Kd6 62. Bb5 Ke5 1/2-1/2

[Event "Hong Kong Jolimark op"]
[Site "Hong Kong"]
[Date "2016.12.27"]
[Round "3"]
[White "Zeng, Chongsheng"]
[Black "Noguchi, Koji"]
[Result "1-0"]
[WhiteElo "2549"]
[BlackElo "2068"]
[PlyCount "65"]
[EventDate "2016.12.26"]
[EventType "swiss"]
[EventRounds "9"]
[EventCountry "HKG"]
[SourceTitle "CBM 176 Extra"]
[Source "ChessBase"]
[SourceDate "2017.03.02"]
[SourceVersion "1"]
[SourceVersionDate "2017.03.02"]
[SourceQuality "1"]

1. d4 Nf6 2. c4 g6 3. Nc3 Bg7 4. e4 d6 5. Bd3 0-0 6. Nge2 c5 7. d5 e6 8. Bg5 exd5 9. exd5 Nbd7 10. f4 a6 11. a4 b6 12. 0-0 h6 13. Bh4 Qc7 14. Ng3 Re8 15. h3 Nf8 16. Qd2 N8h7 17. Bxf6 Bxf6 18. f5 g5 19. Nce4 Bd4+ 20. Kh1 f6 21. Rae1 Bd7 22. b3 Re7 23. Nf2 Rxe1 24. Rxe1 Bxf2 25. Qxf2 Re8 26. Re6 Bxe6 27. fxe6 Rf8 28. Nf5 Kh8 29. Qe2 g4 30. e7 Re8 31. Qe6 gxh3 32. Qf7 hxg2+ 33. Kg1 1-0

[Event "Penang op 7th"]
[Site "Penang"]
[Date "2015.12.08"]
[Round "2"]
[White "Noguchi, Koji"]
[Black "Yeoh, Li Tian"]
[Result "0-1"]
[WhiteElo "2115"]
[BlackElo "2350"]
[PlyCount "74"]
[EventDate "2015.12.07"]
[EventType "swiss"]
[EventRounds "9"]
[EventCountry "MAS"]
[SourceTitle "CBM 169 Extra"]
[Source "ChessBase"]
[SourceDate "2015.12.18"]
[SourceVersion "1"]
[SourceVersionDate "2015.12.18"]
[SourceQuality "1"]

1. c4 c6 2. g3 d5 3. Bg2 Nf6 4. Nf3 dxc4 5. Qc2 b5 6. b3 cxb3 7. axb3 e6 8. 0-0 Bb7 9. Nc3 Be7 10. d4 0-0 11. e4 Nbd7 12. Rd1 a6 13. Bf4 Rc8 14. Qe2 Qb6 15. h3 Rfd8 16. Rd3 c5 17. d5 exd5 18. exd5 Bd6 19. Bxd6 Qxd6 20. Ng5 Re8 21. Re3 Rxe3 22. Qxe3 h6 23. Nxf7 Qf8 24. Ne5 Re8 25. f4 b4 26. Na4 Qd6 27. Rd1 a5 28. Qf2 Nxe5 29. fxe5 Rxe5 30. Nxc5 Bxd5 31. Na4 Qe7 32. Bxd5+ Nxd5 33. Rc1 Qe6 34. g4 Re2 35. Qd4 Qd6 36. Rc8+ Kf7 37. Qa7+ Ne7 0-1

[Event "Penang op 7th"]
[Site "Penang"]
[Date "2015.12.07"]
[Round "1"]
[White "Wong, Shyun Fwu Aldrin"]
[Black "Noguchi, Koji"]
[Result "0-1"]
[WhiteElo "1593"]
[BlackElo "2115"]
[PlyCount "104"]
[EventDate "2015.12.07"]
[EventType "swiss"]
[EventRounds "9"]
[EventCountry "MAS"]
[SourceTitle "CBM 169 Extra"]
[Source "ChessBase"]
[SourceDate "2015.12.18"]
[SourceVersion "1"]
[SourceVersionDate "2015.12.18"]
[SourceQuality "1"]

1. e4 c5 2. Nf3 Nc6 3. Bb5 g6 4. 0-0 Bg7 5. Re1 Nf6 6. e5 Nd5 7. d3 0-0 8. c4 Nc7 9. Bxc6 dxc6 10. Nc3 Bg4 11. h3 Bxf3 12. Qxf3 Ne6 13. Bf4 Qb6 14. b3 Rad8 15. Red1 Qc7 16. Re1 Nxf4 17. Qxf4 Rxd3 18. Rac1 Rfd8 19. Qe4 R8d4 20. Qe2 Bh6 21. Rc2 Qa5 22. Ne4 Bf4 23. g3 Bxe5 24. Nxc5 Qxc5 25. Qxe5 Qxe5 26. Rxe5 e6 27. Kg2 Kf8 28. h4 h5 29. Ra5 a6 30. b4 Rd2 31. Rxd2 Rxd2 32. b5 cxb5 33. cxb5 Rd5 34. a4 axb5 35. axb5 Ke7 36. Kf3 Kd6 37. Ke3 Kc7 38. Ra8 Rxb5 39. Rf8 Rf5 40. f4 Kd6 41. Rb8 b5 42. Rb7 Kc6 43. Rb8 Kc5 44. Kd3 Kb4 45. Rb7 Kb3 46. Kd2 b4 47. Kc1 Rc5+ 48. Kd2 Rc2+ 49. Kd1 Rg2 50. Rxf7 Rg1+ 51. Kd2 Rg2+ 52. Kc1 Rxg3 0-1

[Event "Penang op 6th"]
[Site "Penang"]
[Date "2014.12.12"]
[Round "9"]
[White "Ng, Jen Sheng"]
[Black "Noguchi, Koji"]
[Result "1/2-1/2"]
[WhiteElo "1792"]
[BlackElo "2105"]
[PlyCount "59"]
[EventDate "2014.12.08"]
[EventType "swiss"]
[EventRounds "9"]
[EventCountry "MAS"]
[SourceTitle "CBM 163 Extra"]
[Source "ChessBase"]
[SourceDate "2014.12.23"]
[SourceVersion "1"]
[SourceVersionDate "2014.12.23"]
[SourceQuality "1"]

1. e4 g6 2. d4 Bg7 3. Nf3 c5 4. c3 cxd4 5. cxd4 d5 6. e5 Bg4 7. Bb5+ Nc6 8. Bxc6+ bxc6 9. Nbd2 e6 10. 0-0 Ne7 11. h3 Bxf3 12. Nxf3 0-0 13. b4 Qb6 14. Qb3 Rab8 15. Rb1 Nf5 16. Be3 f6 17. Rfe1 Rfe8 18. g4 Ne7 19. exf6 Bxf6 20. Bf4 Rbd8 21. Be5 Bxe5 22. Rxe5 Nc8 23. Rbe1 Nd6 24. Rxe6 Rxe6 25. Rxe6 Kf7 26. Ng5+ Kg8 27. Qe3 Qxb4 28. Qe5 Ne4 29. Re8+ Rxe8 30. Qxe8+ 1/2-1/2

[Event "Penang op 6th"]
[Site "Penang"]
[Date "2014.12.12"]
[Round "8"]
[White "Noguchi, Koji"]
[Black "Fong, Yit Ho"]
[Result "0-1"]
[WhiteElo "2105"]
[BlackElo "1964"]
[PlyCount "189"]
[EventDate "2014.12.08"]
[EventType "swiss"]
[EventRounds "9"]
[EventCountry "MAS"]
[SourceTitle "CBM 163 Extra"]
[Source "ChessBase"]
[SourceDate "2014.12.23"]
[SourceVersion "1"]
[SourceVersionDate "2014.12.23"]
[SourceQuality "1"]

1. Nf3 Nf6 2. g3 g6 3. Bg2 Bg7 4. c4 c6 5. 0-0 0-0 6. b3 d6 7. Bb2 Bg4 8. h3 Bf5 9. d3 Qc8 10. Kh2 Ng4+ 11. hxg4 Bxb2 12. gxf5 Bxa1 13. fxg6 hxg6 14. d4 c5 15. e3 cxd4 16. exd4 e5 17. Qd2 Kg7 18. Na3 Bxd4 19. Nxd4 exd4 20. Qxd4+ f6 21. Nb5 Nc6 22. Qd5 Rh8+ 23. Kg1 Qg8 24. Nxd6 Qxd5 25. Bxd5 Nb4 26. Bxb7 Rab8 27. c5 Rhd8 28. Re1 f5 29. Re7+ Kf6 30. Rh7 Nd3 31. b4 Nxb4 32. Nb5 Rh8 33. Rxh8 Rxh8 34. a3 Nd3 35. c6 Nc5 36. Nxa7 Nxb7 37. cxb7 Rb8 38. a4 Rxb7 39. Nb5 Rb8 40. f4 Ra8 41. Nc3 Rc8 42. Nd5+ Ke6 43. Nb6 Rc2 44. a5 Ra2 45. Nc4 Kf6 46. a6 g5 47. fxg5+ Kxg5 48. Ne3 Rxa6 49. Kf2 Ra4 50. Kf3 Kf6 51. Nd5+ Ke5 52. Nf4 Ra3+ 53. Kg2 Ke4 54. Ng6 Ra2+ 55. Kh3 Ra6 56. Nh4 Rb6 57. Kh2 Rf6 58. Kg2 Ke3 59. Nf3 Ra6 60. Nh4 Ra5 61. Ng6 Rb5 62. Nh4 Ke2 63. Ng6 Rb4 64. Ne7 Rb5 65. Ng6 Ra5 66. Nh4 Rc5 67. Ng6 Rc6 68. Nh4 Rf6 69. Nf3 Rf8 70. Nd4+ Ke3 71. Ne6 Rg8 72. Nf4 Rg7 73. Nd5+ Ke4 74. Nf6+ Ke5 75. Nh5 Rg4 76. Kf3 Ra4 77. Kg2 Ra3 78. Kf2 Rb3 79. Kg2 Ke4 80. Nf6+ Ke3 81. Nd5+ Kd4 82. Nf4 Ke4 83. Ng6 Rb2+ 84. Kh3 Rb6 85. Nf4 Rb2 86. Ng6 Ra2 87. Nh4 Rb2 88. Ng2 Rb8 89. Ne1 Rg8 90. Kh2 Ke3 91. Ng2+ Kf2 92. Nh4 Rg5 93. Ng2 Rh5+ 94. Nh4 f4 95. Kh3 0-1

[Event "Penang op 6th"]
[Site "Penang"]
[Date "2014.12.11"]
[Round "7"]
[White "Azman Hisham, Nur Najiha"]
[Black "Noguchi, Koji"]
[Result "1/2-1/2"]
[WhiteElo "1974"]
[BlackElo "2105"]
[PlyCount "39"]
[EventDate "2014.12.08"]
[EventType "swiss"]
[EventRounds "9"]
[EventCountry "MAS"]
[SourceTitle "CBM 163 Extra"]
[Source "ChessBase"]
[SourceDate "2014.12.23"]
[SourceVersion "1"]
[SourceVersionDate "2014.12.23"]
[SourceQuality "1"]

1. d4 g6 2. c4 Bg7 3. Nc3 c5 4. Nf3 Nf6 5. d5 e6 6. e4 exd5 7. exd5 0-0 8. Be2 d6 9. 0-0 Bg4 10. Bg5 Qb6 11. Qd2 Re8 12. h3 Bxf3 13. Bxf3 Nbd7 14. Qf4 a6 15. Rab1 Re5 16. Qg3 Ree8 17. Qf4 Re5 18. Qg3 Ree8 19. Qf4 Re5 20. Qg3 1/2-1/2

[Event "Penang op 6th"]
[Site "Penang"]
[Date "2014.12.10"]
[Round "5"]
[White "Lieu, Chin Yung"]
[Black "Noguchi, Koji"]
[Result "0-1"]
[WhiteElo "1813"]
[BlackElo "2105"]
[PlyCount "78"]
[EventDate "2014.12.08"]
[EventType "swiss"]
[EventRounds "9"]
[EventCountry "MAS"]
[SourceTitle "CBM 163 Extra"]
[Source "ChessBase"]
[SourceDate "2014.12.23"]
[SourceVersion "1"]
[SourceVersionDate "2014.12.23"]
[SourceQuality "1"]

1. e4 c5 2. Nf3 g6 3. Bc4 Bg7 4. 0-0 d6 5. Re1 Nf6 6. c3 0-0 7. d4 cxd4 8. cxd4 Bg4 9. h3 Bxf3 10. Qxf3 Nc6 11. Qd1 d5 12. exd5 Nxd5 13. Nc3 Nb6 14. d5 Nxc4 15. dxc6 bxc6 16. Qe2 Ne5 17. f4 Nd3 18. Rd1 Nxc1 19. Raxc1 Qb6+ 20. Kh1 e6 21. b3 Rad8 22. Na4 Qb4 23. Rc4 Qb5 24. Rdc1 Rd4 25. Qc2 Qd5 26. Rxd4 Qxd4 27. Qc4 Qd2 28. Rc2 Qd1+ 29. Kh2 Bd4 30. Qe2 Qg1+ 31. Kg3 c5 32. Nc3 e5 33. Nd5 Rd8 34. Ne7+ Kf8 35. Nc6 exf4+ 36. Kxf4 Re8 37. Qd3 Re3 38. Qb5 Qh2+ 39. Kg5 Qg3+ 0-1